| 000 | 00501nam a2200205Ia 4500 | ||
|---|---|---|---|
| 005 | 20240413140345.0 | ||
| 008 | 131103s9999 xx 000 0 und d | ||
| 020 |
_a0 7069 779 4 _cRs.225 |
||
| 040 | _aLoreto College | ||
| 041 | _aEnglish | ||
| 082 |
_a370.1 _bRAM |
||
| 100 | _aRam, Atma | ||
| 245 |
_aEducation for Development _cAtma Ram |
||
| 260 |
_aNew Delhi _bVikas _c1995 |
||
| 300 | _axiii,149p. | ||
| 504 | _aIncludes index | ||
| 650 | _aEducation | ||
| 850 | _aLCBED | ||
| 942 | _cBK | ||
| 999 |
_c26609 _d77088 |
||